000 00999nam a2200217 a 4500
001 000021374
005 20200930011317.0
008 100907s1987 dr ad r 001 0 spa d
040 _aDO-SdBNP
_bspa
_cBNPHU
082 _a352.48
_bR426i, 1987
110 1 _aRepública Dominicana
_bSecretariado Técnico de la Presidencia.
_bOficina Nacional del Presupuesto
_936793
245 1 0 _aInforme de ejecución presupuestaria año 1987 /.
260 _aSanto Domingo :
_bSecretariado Técnico de la Presidencia,
_c1987.
300 _av. :
_bil., gráf. ;
_c28 cm.
505 2 _aIntroducción -- Gastos -- Aportes -- Información -- Información sobre gastos-- Ejecución de cada institución descentralizada o autónoma
590 _aInventariado, 2018/BT
650 4 _aPresupuesto
_zRepública Dominicana
_97940
650 4 _aHacienda pública
_zRepública Dominicana
_96562
651 4 _aRepública Dominicana
_xGastos Presupuestarios Públicos
_y1987
_944626
910 _aValidado. Control de calidad. MMOLINA
999 _c20874
_d20874